• 首页
  • 本馆介绍
  • 公告通知
  • 最新文献
  • 馆藏检索
  • 电子资源
  • 读者导购
  • 参考咨询
  • 我的图书馆
  • 登录
  • 详细信息显示
  • 放入我的书架
  • 预约/预借图书
  • 作者相关作品
  • 分类相关作品
  • 丛书相关作品
  • 出版社相关作品

书目信息

  • 表格格式
  • 工作单格式
  • 卡片格式
题名:
高级中学语文第一册(必修)教学参考书
    
 
作者: ;人民教育出版社语文二室 编
分册:  
出版信息: 北京   人民教育出版社  1990
页数: 273页
开本: 19cm
丛书名:
单 册:
中图分类: G633.3
科图分类: 38.7341
主题词: 语文--高中--教学参考资料
电子资源:
ISBN: 7-107-01086-7
000 00764nam0 2200217 45
001 0192005933
005 20070618184153.00
010    @a7-107-01086-7@dCNY6.10
100    @a19920318d1990 em y0chiy0121 ea
101 0  @achi
102    @aCN@b110000
105    @ay z 000yy
200 10 @a高级中学语文第一册(必修)教学参考书@Agao ji zhong xue yu wen di yi ce(bi xiu)jiao xue can kao shu@f人民教育出版社语文二室编@FREN MIN JIAO YU CHU BAN SHE YU WEN ER SHI BIAN
210    @a北京@c人民教育出版社@d1990@h1998
215    @a273页@d19cm
606    @a语文@x高中@x教学参考资料
690    @aG633.3@v三版
692    @a38.7341
711 02 @a人民教育出版社语文二室@AREN MIN JIAO YU CHU BAN SHE YU WEN ER SHI@4编
801  0 @aCN@bTSSF@c20070618
905    @a10447@dG633.3@e511:1
    
    高级中学语文第一册(必修)教学参考书/人民教育出版社语文二室编.-北京:人民教育出版社,1990(1998)
    273页;19cm
    
    
    ISBN 7-107-01086-7:CNY6.10
    
●
相关链接 在E读中查询图书 在五车中查询图书 在当当中查询图书 在豆瓣中查询图书


正题名:高级中学语文第一册(必修)教学参考书     索取号:G633.3/511:1         预约/预借

序号 登录号 条形码 馆藏地/架位号 状态 备注
1 0654778   206547780   第一样本阅览室/ [索取号:G633.3/511:1] 在馆    
欢迎您!
大连网信软件有限公司© 版权所有